• 首页
  • 本馆介绍
  • 公告通知
  • 最新文献
  • 馆藏检索
  • 电子资源
  • 读者导购
  • 参考咨询
  • 我的图书馆
  • 登录
  • 详细信息显示
  • 放入我的书架
  • 预约/预借图书
  • 作者相关作品
  • 分类相关作品
  • 丛书相关作品
  • 出版社相关作品

书目信息

  • 表格格式
  • 工作单格式
  • 卡片格式
题名:
因明述要
    
 
作者: 石村 著
分册:  
出版信息: 北京   中华书局  1981.03
页数: 148页
开本: 19cm
丛书名:
单 册:
中图分类: B361.2 , B351.2
科图分类:
主题词: 哲学--亚洲
电子资源:
ISBN:
000 00550nam0 2200217 45
001 0309161014
005 20060328164702.59
010    @dCNY0.48
091    @a2018.178
100    @a20030916d1981 km y0chiy0120 ea
101 0  @achi
105    @ak z 000yy
200 1  @a因明述要@Ayin ming shu yao@f石村著@FShi Cun Zhu
210    @a北京@c中华书局@d1981.03
215    @a148页@d19cm
606 0  @a哲学@x亚洲
690    @aB361.2@v3
690    @aB351.2@v4
701  0 @a石村@4著
801    @aCN@bTSTC@c20060328
905    @f1@b172786@dB351.2@e4@b172785@f1
    
    因明述要/石村著.-北京:中华书局,1981.03
    148页;19cm
    
    
    ISBN :CNY0.48
    
●
相关链接 在E读中查询图书 在五车中查询图书 在当当中查询图书 在豆瓣中查询图书


正题名:因明述要     索取号:B351.2/4         预约/预借

序号 登录号 条形码 馆藏地/架位号 状态 备注
1 0057735   001798362   密集书库/ [索取号:B351.2/4] 在馆    
2 0057736   000516855   密集书库/ [索取号:B351.2/4] 在馆    
3 0057737   000516926   密集书库/ [索取号:B351.2/4] 在馆    
4 0172784   000516891   第一借阅区/ [索取号:B351.2/4] 在馆    
5 0172785   001843278   密集书库/ [索取号:B351.2/4] 在馆    
6 0172786   001843287   密集书库/ [索取号:B351.2/4] 在馆    
7 0218237   000516908   密集书库/ [索取号:B351.2/4] 在馆    
8 0218238   000516917   第一样本阅览室/ [索取号:B351.2/4] 在馆    
9 0426291   204262911   密集书库/ [索取号:B351.2/4] 在馆    
10 0426292   204262920   密集书库/ [索取号:B351.2/4] 在馆    
11 0460483   204604838   密集书库/ [索取号:B351.2/4] 在馆    
12 0465660   204656602   密集书库/ [索取号:B351.2/4] 在馆    
唐山师范学院图书馆 欢迎您!
大连网信软件有限公司© 版权所有